| 000 | 00503nam a2200145Ia 4500 | ||
|---|---|---|---|
| 008 | 220214s9999 xx 000 0 und d | ||
| 245 | 0 | _aRUBBER RESEARCH INSTITUTE OF SRI LANKA. QUARTERLY JOURNAL | |
| 247 | _aRubber Research Institute of Ceylon. Quarterly Journal | ||
| 260 |
_bRubber Research Institute of Sri Lanka, Dartonfield _aSri Lanka |
||
| 310 | _aQ | ||
| 500 | _aEnding Volume & Year: 52, 1975 | ||
| 500 | _aMissing Volume: 51(3-4) | ||
| 500 | _aStarting Volume & Year: 50, 1973 | ||
| 942 | _cBJ | ||
| 999 |
_c6405 _d6405 |
||